Liste des Pokémon de type Acier - Statistiques

Statistiques générales
  • Ce quiz a été pris 3 328 fois
    384 depuis la dernière actualisation
  • Le résultat moyen est 62 sur 81
Statistiques - réponses
Pokémon % Correct
Magnéti
98%
Magnéton
98%
Magnézone
98%
Airmure / Méga-Airmure
94%
Steelix / Méga-Steelix
94%
Dialga
93%
Métalosse / Méga-Métalosse
93%
Heatran / Méga-Heatran
92%
Pingoléon
92%
Terhal
92%
Galegon
91%
Galekid
91%
Galeking / Méga-Galeking
91%
Grindur
91%
Métang
91%
Noacier
91%
Exagide
90%
Arceus (Acier)
89%
Dimoclès
89%
Bastiodon
88%
Cizayox / Méga-Cizayox
88%
Monorpale
88%
Mysdibule / Méga-Mysdibule
87%
Archéodong
86%
Archéomire
86%
Clic
86%
Cliticlic
86%
Dinoclier
86%
Tic
85%
Lucario / Méga-Lucario / Méga-Lucario Z
83%
Registeel
83%
Silvallié (Type : Acier)
83%
Cobaltium
82%
Scalpion
82%
Scalproie
82%
Foretress
79%
Duralugon
78%
Minotaupe / Méga-Minotaupe
78%
Fermite
77%
Scalpereur
77%
Trousselin
76%
Magearna / Méga-Magearna
75%
Pondralugon
75%
Zacian (Épée Suprême)
75%
Zamazenta (Bouclier Suprême)
75%
Forgelina
74%
Solgaleo
74%
Jirachi
73%
Togedemaru
73%
Bamboiselle
72%
Corvaillus
72%
Roue-de-Fer
72%
Sablaireau d'Alola
72%
Chef-de-Fer
71%
Forgerette
71%
Melmetal
71%
Tarinorme
71%
Forgella
70%
Genesect
70%
Meltan
70%
Vrombi
70%
Vrombotor
70%
Sabelette d'Alola
69%
Ama-Ama
67%
Katagami
66%
Lançargot
64%
Ferdeter
63%
Triopikeur d'Alola
62%
Taupiqueur d'Alola
60%
Berserkatt
58%
Cheniselle (Cape Déchet)
57%
Miaouss de Galar
56%
Muplodocus de Hisui
56%
Necrozma (Crinière du Couchant)
56%
Charibari
55%
Gromago
55%
Pachyradjah
55%
Colimucus de Hisui
51%
Limonde de Galar
50%
Méga-Éoko
35%
Méga-Sarmuraï
28%
Aucun quiz correspondant
Distribution des résultats
% des personnes avec chaque résultat
Percentile par nombre de réponses
Votre historique - résultats
Vous n’avez pas pris ce quiz depuis la dernière actualisation